000
003250000a22001450004500
003
MACL
040
_a
MACL
090
_c
49774
_d
49772
100
_a
Rao, Anupama
245
_a
Dalits and the Politics of modern India
260
_a
New Delhi
_b
Permenent Black
_c
2010
350
_a
750
650
_a
Social
942
_c
BOOK
_k
307
999
_c
49247
_d
49247